Modelos econométricos de demanda
Kaydedildi:
| Yazar: | |
|---|---|
| Müşterek Yazar: | |
| Materyal Türü: | Kitap |
| Dil: | İspanyolca |
| Baskı/Yayın Bilgisi: |
Santiago
Universidad Católica de Chile
1976
|
| Seri Bilgileri: | Documentos de Trabajo, 45
|
| Konular: | |
| Etiketler: |
Etiketle
Etiket eklenmemiş, İlk siz ekleyin!
|
MARC
| LEADER | 00000nam a2200000 a 4500 | ||
|---|---|---|---|
| 001 | UCR7651 | ||
| 003 | CL-VaPUC | ||
| 008 | 980519e19760700CL |||||||||||||||||spa|d | ||
| 082 | 0 | 4 | |a 330.0151 |b LIR |2 21 |
| 100 | |a Lira, Ricardo |e autor |9 408991 | ||
| 110 | 2 | |a Instituto de Economía, Universidad Católica de Chile |e author |9 408992 | |
| 245 | 1 | 0 | |a Modelos econométricos de demanda |
| 300 | |a 38 p | ||
| 942 | |c BK | ||
| 945 | |d 19980519 00:00:00 |a crobeson | ||
| 260 | |a Santiago |b Universidad Católica de Chile |c 1976 | ||
| 650 | 0 | |a Economía |9 255568 | |
| 650 | 0 | |a Econometría |9 261029 | |
| 650 | 0 | |a Economía matemática |9 270388 | |
| 650 | 0 | |a Modelos matemáticos |9 259437 | |
| 650 | 0 | |a Oferta y demanda |9 255571 | |
| 583 | |a last modification |c 19980519 00:00:00 |k Rodrigo Vera | ||
| 490 | 0 | |a Documentos de Trabajo, 45 | |
| 999 | |c 269241 |d 269239 | ||